000 00420nam a2200157Ia 4500
003 GCL
008 140319s9999 xx 000 0 eng d
040 _aGCL /
_cGCL
082 0 4 _a337
_bH I
100 1 _aHUSTED,STEVEN
245 1 0 _aINTERNATIONAL ECONOMICS /
_cHUSTED,STEVEN
260 _a[S.N] :
_bHARPER COLLINS COLLEGE PUBLISBERS ،
_c1993
300 _a527 P
650 0 4 _aINTERNATIONAL SERVICES
942 _2ddc
_cBK
999 _c17040
_d17040